20 joueurs qui ont marqué la coupe du monde - Statistiques

Statistiques générales
  • Ce quiz a été pris 2 284 fois
  • Le résultat moyen est 14 sur 20
Statistiques - réponses
Description Sélection Joueur % Correct
Vainqueur en 2018. Finaliste en 2022 malgré un triplé en finale en finissant meilleur buteur de l'édition. Il n'a peut-être pas fini d'écrire l'histoire de la compétition France Kylian Mbappe
98%
Après 4 échecs, il remporte finalement l'édition 2022. Régulier tout au long de la compétition, il porte l'Argentine et s'offre même un doublé en finale. Argentine Lionel Messi
91%
Triple vainqueur de la compétition en 58, 62 et 70, en se démarquant à chaque fois. Il est considéré comme le ou l'un des meilleurs joueurs de l'histoire Brésil Pelé
85%
Auteur d'un doublé en finale en 1998. Il scelle sa carrière en 2006 après un but et un carton rouge en finale. France Zinedine Zidane
85%
Grand artisan de l'épopée de son pays en 2018. Il est désigné meilleur joueur de la compétition. Cette même année il reçoit le ballon d'or Croatie Luka Modric
84%
Sa coupe du monde 2010 est un chef d'œuvre. Il libère son équipe lors des prolongations. Il est considéré comme un des meilleurs milieu de l'histoire Espagne Andrés Iniesta
82%
Ballon d'or, meilleur buteur en 1970. Il est le troisième meilleur buteur de l'histoire de la coupe du monde. Il remporte le trophée en 1974 Allemagne Gerd Müller
81%
Gardien de But. Il est auteur de performances mémorables en 2014, 2018 et 2022. En club, il ne s'est jamais vraiment imposé en Europe. Mexique Guillermo Ochoa
81%
Vainqueur en 1994 et 2002 où il finit meilleur buteur, finaliste en 1998 où il est désigné meilleur joueur. L'attaquant est double vainqueur du ballon d'or. Brésil Ronaldo
81%
Vainqueur et meilleur joueur en 1986. Il marque de la main lors du quart de finale face à l'Angleterre. La fameuse "main de Dieu" Argentine Diego Maradona
76%
Avec 13 buts en une seule coupe du monde. Le Français emmène la France à la troisième place du tournoi en 1958. France Just Fontaine
75%
Remplaçant de luxe lors de la finale 2014. Il offre la coupe à son pays Allemagne Mario Gotze
75%
Vainqueur en 2014. Il est tout simplement le meilleur buteur de l'histoire de la compétition avec 16 buts à son actif. Allemagne Miroslav Klose
72%
Il est le seul gardien à avoir reçu le prix de meilleur joueur d'une coupe du monde. Il ne peut empêcher la défaite de son pays en finale en 2002. Allemagne Oliver Kahn
70%
Ailier, boiteux, véritable légende de son pays. Il est considéré comme un des meilleurs dribleurs de l'histoire. Il contribue largement aux succès du Brésil en 1958 et 1962 où il éblouit le monde par son talent. Brésil Mane Garrincha
66%
Futur ballon d'or, il explose lors de la coupe du monde 1998, avec un but d'anthologie face à l'Argentine. Désigné meilleur jeune de la compétition Angleterre Michael Owen
54%
Milieu puis défenseur, capitaine de l'Allemagne en 1990, il remporte la compétition après deux échecs en finale. Ce succès contribue à son ballon d'or cette même année Allemagne Lothar Matthaus
41%
En 1970, il marque lors de tous les matchs en phase finale. Aux côtés de Pelé il livre une coupe du monde mémorable. Brésil Jairzinho
29%
Gardien de but, finaliste en 1970, il remporte finalement le trophée en 1982 entant que capitaine. Il est le plus vieux vainqueur de la coupe du monde Italie Dino Zoff
26%
Il sort de l'anonymat pour la première participation de son pays en 1994 où il est l'auteur d'un but d'anthologie face à la Belgique. Ceux qui ont suivi cette coupe du monde ne l'oublieront pas. Arabie Saoudite Saeed Al Owairan
23%
Aucun quiz correspondant
Distribution des résultats
% des personnes avec chaque résultat
Percentile par nombre de réponses
Votre historique - résultats
Vous n’avez pas pris ce quiz